| 000 | 00399nam a22001697a 4500 | ||
|---|---|---|---|
| 003 | CEME | ||
| 005 | 20260108175756.0 | ||
| 008 | 210317b xxu||||| |||| 00| 0 eng d | ||
| 040 | _c. | ||
| 082 | _a620.00113-P COM'A | ||
| 100 |
_aAsme _92951 |
||
| 245 | _aComputers in engineering 1988 | ||
| 250 | _aVOLUME TWO AND THREE | ||
| 260 |
_aNEWYORK _bASME _c1988 |
||
| 300 | _a608P | ||
| 942 |
_cBK _2ddc |
||
| 999 |
_c574909 _d574909 |
||